000 00312nam a2200121Ia 4500
008 190216s9999||||xx |||||||||||||| ||und||
100 _aDonald Stevenson Watson And Malcolm Getz
245 0 _aPrice Theory And Its Uses
260 _bScientific Book Co
_c1968
300 _a443p
650 _aEconomics
942 _cBK
999 _c9191
_d9191